Sociální psychologie pro posluchače učitelství 1. stupně ZŠ /
Saved in:
| Main Author: | |
|---|---|
| Format: | Book |
| Language: | Czech |
| Published: |
Praha :
Státní pedagogické nakladatelství,
1989
|
| Edition: | 2. vyd. |
| Subjects: | |
| ISBN: |
(brož.) |
| Physical Description: |
153 s. |
| Tags: |
Add Tag
No Tags, Be the first to tag this record!
|
Titul je dostupný aj v ... 

MARC
| LEADER | 00000nam a2200000 a 4500 | ||
|---|---|---|---|
| 001 | 000282425 | ||
| 005 | 20061116095021.0 | ||
| 008 | 061107s1989 xr e 000 0 czeo | ||
| 020 | |a (brož.) | ||
| 040 | |a SVKKK |b slo |c SVKKK |e AACR2 | ||
| 041 | 0 | |a cze | |
| 044 | |a xr |c CZ | ||
| 100 | 1 | |a Řezáč, Jaroslav |4 aut | |
| 245 | 1 | 0 | |a Sociální psychologie pro posluchače učitelství 1. stupně ZŠ / |c Jaroslav Řezáč |
| 250 | |a 2. vyd. | ||
| 260 | |a Praha : |b Státní pedagogické nakladatelství, |c 1989 | ||
| 300 | |a 153 s. | ||
| 655 | 7 | |a učebnice vysokých škôl |2 SVKKKPH | |
| 998 | |a BK | ||
| 090 | |g SCKHL |k Sklad Pribinova 3. posch. |a V.144627 |j 781858 |i 2720152383 |s Povinný výt. | ||
| 090 | |g SCKHL |k Sklad Pribinova 3. posch. |a V.164952 |j 780346 |i 2720260010 |s Absenčne | ||
| 090 | |g SCKHL |k Sklad Pribinova 3. posch. |a V.164953 |j 780347 |i B84962 |4 Multiplikát |s Vyradená | ||